00561nam a2200205Ia 450000500170000000800410001702000150005808200130007310000160008624500330010226000340013530000130016965000120018265000120019465000140020665000170022094200060023795200970024399900150034020250623020819.0240331s9999 xx 000 0 und d a1564320847 bNOBa323 aHuman watch 0aNobediya haki manava himikam aColombobNadesan Centrec1994 a116 p ., aDepency aPoverty aPolitical acivil Rights cL 001040708LaWERCLbWERCLcSSCd2024-03-31l0o 323.4 NOBp3779r2024-03-31w2024-03-31yL c2493d2493